| 000 | 00545cam a22001697a 4500 | ||
|---|---|---|---|
| 008 | 180718b2000 xxu||||| |||| 00| 0 eng d | ||
| 082 | _aAPPPA/99-2000/GAU | ||
| 100 | _aGaur, Tulsi | ||
| 245 |
_aRole of fiscal deficit in Indian economy _cby Tulsi Gaur |
||
| 260 |
_aNew Delhi _bIndian Institute of Public Administration _c2000 |
||
| 300 | _av.p. | ||
| 500 | _aAn APPPA M.Phil. dissertation, 99-2000 (Guide: Pranab Banerji) | ||
| 650 | _aAPPPA | ||
| 650 | _aFiscal policy - India | ||
| 650 | _aWritten Off | ||
| 650 | _a(GR15134 -Written Off) | ||
| 999 |
_c489435 _d489435 |
||